| 000 | 00466nam a2200205Ia 4500 | ||
|---|---|---|---|
| 003 | 0100 | ||
| 008 | 130303s9999 xx 000 0 und d | ||
| 040 | _cARRUPELIB | ||
| 050 | _aBL2480.L8O53 1983 | ||
| 100 | _aOngonga, Jude J | ||
| 245 | _aLife and death | ||
| 245 | _ba Christian Luo dialogue | ||
| 260 | _aEldoret | ||
| 260 | _bGaba Publications | ||
| 260 | _C1983 | ||
| 300 | _a65p. | ||
| 300 | _b 23 cm | ||
| 650 | _bJesuits--History | ||
| 942 | 0 | 0 | _02 |
| 999 |
_c24542 _d24542 |
||